Capitals Starting with 'C' - Statistics

General Stats
  • This quiz has been taken 337 times
    306 since last reset
  • The average score is 7 of 8
Answer Stats
Continent Capital % Correct
Oceania Canberra
94%
Africa Cairo
93%
South America Caracas
93%
Europe Chişinău
90%
Europe Copenhagen
88%
Africa Cape Town
86%
North America Castries
80%
Africa Conakry
75%
No matching quizzes found
Score Distribution
Percent of People with Each Score
Percentile by Number Answered
Your Score History
You have not taken this quiz since the last reset